<?xml version="1.0" encoding="UTF-8"?>
<record
    xmlns:xsi="http://www.w3.org/2001/XMLSchema-instance"
    xsi:schemaLocation="http://www.loc.gov/MARC21/slim http://www.loc.gov/standards/marcxml/schema/MARC21slim.xsd"
    xmlns="http://www.loc.gov/MARC21/slim">

  <leader>01918nam a2200385 i 4500</leader>
  <controlfield tag="003">EG-GICUC</controlfield>
  <controlfield tag="005">20260121101355.0</controlfield>
  <controlfield tag="008">251128s2008    ua a|||fr|||| 00| 0 ara d</controlfield>
  <datafield tag="017" ind1=" " ind2=" ">
    <subfield code="a">&#x662;&#x660;&#x660;&#x668;/&#x661;&#x669;&#x666;&#x669;&#x662;</subfield>
  </datafield>
  <datafield tag="020" ind1=" " ind2=" ">
    <subfield code="a">978-977-04-5794-9</subfield>
  </datafield>
  <datafield tag="040" ind1=" " ind2=" ">
    <subfield code="a"> EG-GICUC</subfield>
    <subfield code="b">ara</subfield>
    <subfield code="c"> EG-GICUC</subfield>
    <subfield code="d"> EG-GICUC</subfield>
    <subfield code="e">rda</subfield>
  </datafield>
  <datafield tag="041" ind1="0" ind2=" ">
    <subfield code="a">ara</subfield>
  </datafield>
  <datafield tag="082" ind1="0" ind2="4">
    <subfield code="2">21</subfield>
    <subfield code="a">345.3132</subfield>
    <subfield code="b">&#x623; &#x634; . &#x62A;</subfield>
  </datafield>
  <datafield tag="092" ind1="0" ind2="4">
    <subfield code="2">21</subfield>
  </datafield>
  <datafield tag="099" ind1=" " ind2=" ">
    <subfield code="a">Law1 07 345.3132 &#x623; &#x634; . &#x62A; 1 ed - 2008</subfield>
  </datafield>
  <datafield tag="100" ind1="0" ind2=" ">
    <subfield code="a">&#x623;&#x634;&#x631;&#x641; &#x625;&#x628;&#x631;&#x627;&#x647;&#x64A;&#x645; &#x645;&#x635;&#x637;&#x641;&#x649; &#x633;&#x644;&#x64A;&#x645;&#x627;&#x646;</subfield>
    <subfield code="e">&#x645;&#x624;&#x644;&#x641;.</subfield>
  </datafield>
  <datafield tag="245" ind1="1" ind2="2">
    <subfield code="a">&#x627;&#x644;&#x62A;&#x62D;&#x631;&#x64A;&#x627;&#x62A; :</subfield>
    <subfield code="b">&#x643;&#x623;&#x633;&#x627;&#x633; &#x644;&#x625;&#x635;&#x62F;&#x627;&#x631; &#x642;&#x631;&#x627;&#x631;&#x627;&#x62A; &#x627;&#x644;&#x636;&#x628;&#x637; &#x627;&#x644;&#x625;&#x62F;&#x627;&#x631;&#x64A; &#x648;&#x627;&#x644;&#x631;&#x642;&#x627;&#x628;&#x629; &#x627;&#x644;&#x642;&#x636;&#x627;&#x626;&#x64A;&#x629; &#x639;&#x644;&#x64A;&#x647;&#x627; /</subfield>
    <subfield code="c">&#x625;&#x639;&#x62F;&#x627;&#x62F; &#x627;&#x644;&#x62F;&#x643;&#x62A;&#x648;&#x631; &#x623;&#x634;&#x631;&#x641; &#x625;&#x628;&#x631;&#x627;&#x647;&#x64A;&#x645; &#x645;&#x635;&#x637;&#x641;&#x649; &#x633;&#x644;&#x64A;&#x645;&#x627;&#x646; &#x61B; &#x625;&#x634;&#x631;&#x627;&#x641; &#x623;/ &#x645;&#x62D;&#x645;&#x62F; &#x623;&#x628;&#x648; &#x632;&#x647;&#x631;&#x629; &#x61B; &#x627;&#x644;&#x62A;&#x62C;&#x647;&#x64A;&#x632;&#x627;&#x62A; &#x627;&#x644;&#x641;&#x646;&#x64A;&#x629; / &#x62D;&#x633;&#x646;&#x64A; &#x645;&#x62D;&#x645;&#x62F; &#x645;&#x62D;&#x645;&#x648;&#x62F; &#x61B; &#x62A;&#x635;&#x645;&#x64A;&#x645; &#x627;&#x644;&#x63A;&#x644;&#x627;&#x641; &#x645; / &#x645;&#x62D;&#x645;&#x62F; &#x639;&#x644;&#x64A; &#x61B; &#x62A;&#x646;&#x641;&#x64A;&#x630; &#x648;&#x62A;&#x646;&#x633;&#x64A;&#x642; : &#x623; &#x631;&#x62D;&#x627;&#x628; &#x645;&#x62D;&#x631;&#x648;&#x633; &#x61B; &#x627;/ &#x62C;&#x645;&#x627;&#x644; &#x627;&#x644;&#x62F;&#x64A;&#x646; &#x627;&#x644;&#x62D;&#x646;&#x641;&#x649; &#x645;&#x631;&#x627;&#x62C;&#x639;&#x629; &#x644;&#x63A;&#x648;&#x64A;&#x629;.</subfield>
  </datafield>
  <datafield tag="264" ind1=" " ind2="1">
    <subfield code="a">&#x627;&#x644;&#x642;&#x627;&#x647;&#x631;&#x629; :</subfield>
    <subfield code="b">&#x62F;&#x627;&#x631; &#x627;&#x644;&#x646;&#x647;&#x636;&#x629;&#x60C;</subfield>
    <subfield code="c">2008.</subfield>
  </datafield>
  <datafield tag="300" ind1=" " ind2=" ">
    <subfield code="a">369 &#x635;&#x641;&#x62D;&#x629; :</subfield>
    <subfield code="b">&#x645;&#x62B;&#x64A;&#x644;&#x64A;&#x627;&#x62A;&#x61B; </subfield>
    <subfield code="c">24 &#x633;&#x645;.</subfield>
  </datafield>
  <datafield tag="336" ind1=" " ind2=" ">
    <subfield code="2">rda content</subfield>
    <subfield code="a">text</subfield>
  </datafield>
  <datafield tag="337" ind1=" " ind2=" ">
    <subfield code="2">rda media</subfield>
    <subfield code="a">Computer</subfield>
  </datafield>
  <datafield tag="338" ind1=" " ind2=" ">
    <subfield code="2">rda carrier</subfield>
    <subfield code="a">Online Resource</subfield>
  </datafield>
  <datafield tag="504" ind1=" " ind2=" ">
    <subfield code="a">&#x64A;&#x634;&#x62A;&#x645;&#x644; &#x639;&#x644;&#x649; &#x625;&#x631;&#x62C;&#x627;&#x639;&#x627;&#x62A; &#x628;&#x628;&#x644;&#x64A;&#x648;&#x62C;&#x631;&#x627;&#x641;&#x64A;&#x629;.</subfield>
  </datafield>
  <datafield tag="546" ind1=" " ind2=" ">
    <subfield code="a">&#x627;&#x644;&#x646;&#x635; &#x623;&#x63A;&#x644;&#x628;&#x647; &#x628;&#x627;&#x644;&#x644;&#x63A;&#x629; &#x627;&#x644;&#x639;&#x631;&#x628;&#x64A;&#x629; &#x645;&#x639; &#x628;&#x639;&#x636; &#x627;&#x644;&#x646;&#x635;&#x648;&#x635; &#x627;&#x644;&#x625;&#x646;&#x62C;&#x644;&#x64A;&#x632;&#x64A;&#x629;</subfield>
  </datafield>
  <datafield tag="650" ind1="1" ind2="4">
    <subfield code="a">&#x642;&#x631;&#x627;&#x631;&#x627;&#x62A; &#x627;&#x644;&#x636;&#x628;&#x637; &#x627;&#x644;&#x625;&#x62F;&#x627;&#x631;&#x64A; &#x627;&#x644;&#x641;&#x631;&#x62F;&#x64A;&#x629;</subfield>
  </datafield>
  <datafield tag="650" ind1="1" ind2="4">
    <subfield code="a">&#x627;&#x644;&#x642;&#x627;&#x646;&#x648;&#x646; &#x627;&#x644;&#x625;&#x62F;&#x627;&#x631;&#x64A;</subfield>
  </datafield>
  <datafield tag="700" ind1="0" ind2=" ">
    <subfield code="a">&#x645;&#x62D;&#x645;&#x62F; &#x623;&#x628;&#x648; &#x632;&#x647;&#x631;&#x629;</subfield>
    <subfield code="e">&#x645;&#x634;&#x631;&#x641;.</subfield>
  </datafield>
  <datafield tag="700" ind1="0" ind2=" ">
    <subfield code="a">&#x62D;&#x633;&#x646;&#x64A; &#x645;&#x62D;&#x645;&#x62F; &#x645;&#x62D;&#x645;&#x648;&#x62F;</subfield>
    <subfield code="e">&#x645;&#x633;&#x627;&#x647;&#x645;</subfield>
  </datafield>
  <datafield tag="700" ind1="0" ind2=" ">
    <subfield code="a">&#x645;&#x62D;&#x645;&#x62F; &#x639;&#x644;&#x64A;</subfield>
    <subfield code="e">&#x645;&#x633;&#x627;&#x647;&#x645;</subfield>
  </datafield>
  <datafield tag="700" ind1="0" ind2=" ">
    <subfield code="a">&#x631;&#x62D;&#x627;&#x628; &#x645;&#x62D;&#x631;&#x648;&#x633;</subfield>
    <subfield code="e">&#x645;&#x633;&#x627;&#x647;&#x645;</subfield>
  </datafield>
  <datafield tag="700" ind1="0" ind2=" ">
    <subfield code="a">&#x62C;&#x645;&#x627;&#x644; &#x627;&#x644;&#x62F;&#x64A;&#x646; &#x627;&#x644;&#x62D;&#x646;&#x641;&#x64A; </subfield>
    <subfield code="e">&#x645;&#x631;&#x627;&#x62C;&#x639;.</subfield>
  </datafield>
  <datafield tag="856" ind1="4" ind2="0">
    <subfield code="u">https://fll.law.cu.edu.eg/fulltext/bks/B07-01001.pdf</subfield>
  </datafield>
  <datafield tag="905" ind1=" " ind2=" ">
    <subfield code="a">32</subfield>
    <subfield code="e">Yara</subfield>
  </datafield>
  <datafield tag="942" ind1=" " ind2=" ">
    <subfield code="2">ddc</subfield>
    <subfield code="c">BK</subfield>
    <subfield code="e">21</subfield>
    <subfield code="n">0</subfield>
  </datafield>
  <datafield tag="999" ind1=" " ind2=" ">
    <subfield code="c">46678</subfield>
    <subfield code="d">46678</subfield>
  </datafield>
  <datafield tag="952" ind1=" " ind2=" ">
    <subfield code="0">0</subfield>
    <subfield code="1">0</subfield>
    <subfield code="2">ddc</subfield>
    <subfield code="4">0</subfield>
    <subfield code="7">1</subfield>
    <subfield code="8">&#x627;&#x644;&#x642;&#x627;&#x646;&#x648;&#x646; &#x627;&#x644;&#x625;&#x62F;&#x627;&#x631;&#x64A;</subfield>
    <subfield code="a">CU</subfield>
    <subfield code="b">LAW1</subfield>
    <subfield code="d">2025-11-28</subfield>
    <subfield code="l">0</subfield>
    <subfield code="o">Law1 07 345.3132 &#x623; &#x634; . &#x62A; 1 ed - 2008 0701001 C1</subfield>
    <subfield code="p">B07-01001</subfield>
    <subfield code="r">2025-11-28 01:53:38</subfield>
    <subfield code="t">1</subfield>
    <subfield code="w">2025-11-28</subfield>
    <subfield code="y">BK</subfield>
  </datafield>
</record>
